[Event "Paul Keres mem (22nd)"]
[Site "Vancouver CAN"]
[Date "1997.05.19"]
[Round "7.4"]
[White "Ferguson, Jim"]
[Black "Kostadinov, George"]
[Result "0-1"]
[WhiteElo "2231"]
[BlackElo "2182"]
[PlyCount "88"]
[GameId "2160767911965957"]
[EventDate "1997.05.16"]
[EventType "swiss"]
[EventRounds "7"]
[EventCountry "CAN"]

1. Nf3 c5 2. e4 a6 3. c4 Nc6 4. d4 cxd4 5. Nxd4 Nf6 6. Nc3 d6 7. Be2 e6 8. O-O Be7 9. Be3 O-O 10. Nb3 Qc7 11. Rc1 Ne5 12. Nd4 Ned7 13. b4 Rd8 14. f4 Bf8 15. Kh1 Nb6 16. f5 Nxc4 17. Bg5 Bd7 18. Bxc4 Qxc4 19. Nd5 exd5 20. Rxc4 dxc4 21. Bxf6 gxf6 22. Qh5 Bg7 23. Rf3 Rf8 24. Rh3 h6 25. Nc2 Rac8 26. Rc3 d5 27. Qg4 Kh8 28. exd5 b5 29. h3 Rce8 30. Ne3 Re5 31. Kg1 Rfe8 32. Kf2 Re4 33. Qh5 Kg8 34. Kf3 R8e5 35. g4 Bf8 36. a3 Kg7 37. Qh4 a5 38. bxa5 b4 39. Nxc4 bxc3 40. Nxe5 Rxe5 41. Qf2 Rxd5 42. a6 Bc6 43. Qb6 Rc5+ 44. Ke2 c2 0-1

[Event "Paul Keres mem (22nd)"]
[Site "Vancouver CAN"]
[Date "1997.05.19"]
[Round "7.5"]
[White "Neufahrt, Gerhard"]
[Black "Vetemaa, Juri"]
[Result "1-0"]
[WhiteElo "2172"]
[BlackElo "2532"]
[PlyCount "63"]
[GameId "2160767911965958"]
[EventDate "1997.05.16"]
[EventType "swiss"]
[EventRounds "7"]
[EventCountry "CAN"]

1. d4 Nf6 2. Bf4 g6 3. Nf3 Bg7 4. c3 d6 5. Nbd2 Nbd7 6. e4 O-O 7. Bc4 Qe8 8. Qe2 e5 9. Bg5 Nb6 10. Bb3 a5 11. h3 h6 12. Bh4 Nh5 13. O-O-O a4 14. Bc2 a3 15. b3 exd4 16. Nxd4 Bd7 17. Qf3 Qe5 18. g4 Nf4 19. Bg3 g5 20. Nb1 Qf6 21. Nf5 Bxf5 22. gxf5 Qe5 23. h4 Bf6 24. Rdg1 Kh7 25. Bh2 Qb5 26. Kd1 d5 27. hxg5 dxe4 28. Bxf4 Rad8+ 29. Nd2 Bxg5 30. Qg4 Nd5 31. Bxg5 Nxc3+ 32. Ke1 1-0

[Event "Paul Keres mem (22nd)"]
[Site "Vancouver CAN"]
[Date "1997.05.19"]
[Round "7.6"]
[White "Milicevic, Dragoljub"]
[Black "Chao, Kenneth"]
[Result "1-0"]
[WhiteElo "2230"]
[BlackElo "2068"]
[PlyCount "89"]
[GameId "2160767911965959"]
[EventDate "1997.05.16"]
[EventType "swiss"]
[EventRounds "7"]
[EventCountry "CAN"]

1. c4 f5 2. g3 Nf6 3. Bg2 e6 4. Nc3 Be7 5. Nf3 O-O 6. d4 d6 7. b4 Nbd7 8. Qb3 c5 9. O-O h6 10. Rd1 b6 11. Ng5 hxg5 12. Bxa8 g4 13. Bg2 Qe8 14. e4 fxe4 15. Nxe4 Nxe4 16. Bxe4 Nf6 17. Bg2 Bd7 18. Re1 Qh5 19. dxc5 dxc5 20. b5 Bd6 21. Bb2 Qf5 22. f4 gxf3 23. Qxf3 Qc2 24. Qc3 Qh7 25. Rad1 Bb8 26. Qd3 Bc8 27. Qxh7+ Kxh7 28. Bh3 Re8 29. Be5 Bxe5 30. Rxe5 Kg6 31. Rde1 Kf7 32. a4 Re7 33. Bg2 Ne8 34. Rf1+ Nf6 35. g4 Kg8 36. g5 Ne8 37. Rd1 Rd7 38. Rxd7 Bxd7 39. Re2 Kf7 40. Rd2 Ke7 41. Bc6 Bc8 42. Bxe8 Kxe8 43. Kf2 Ke7 44. Ke3 Bb7 45. Kf4 1-0

[Event "Paul Keres mem (22nd)"]
[Site "Vancouver CAN"]
[Date "1997.05.19"]
[Round "7.8"]
[White "Chapman, Erik"]
[Black "Higgs, Ian"]
[Result "1-0"]
[WhiteElo "1998"]
[BlackElo "1950"]
[PlyCount "105"]
[GameId "2160767911965961"]
[EventDate "1997.05.16"]
[EventType "swiss"]
[EventRounds "7"]
[EventCountry "CAN"]

1. f4 b6 2. Nf3 Bb7 3. e3 Nc6 4. b3 Nf6 5. Bb2 e6 6. a3 a6 7. Bd3 d5 8. O-O h6 9. Nc3 Be7 10. Ne5 Bd6 11. Ne2 Qe7 12. Qc1 Bxe5 13. fxe5 Ng4 14. Qe1 Ngxe5 15. Qg3 Qg5 16. Qh3 Nxd3 17. cxd3 Ne7 18. Rf4 h5 19. Raf1 Nf5 20. Nd4 Nd6 21. Nf3 Qh6 22. Ne5 f5 23. Nf3 Nf7 24. Ne5 Nxe5 25. Bxe5 Kd7 26. Rc1 Rac8 27. Rff1 Rhg8 28. Qg3 c6 29. e4 h4 30. Qf2 c5 31. exf5 Rce8 32. fxe6+ Rxe6 33. Qf7+ Re7 34. Qxg8 Qxd2 35. d4 h3 36. gxh3 Qe3+ 37. Kg2 Qd2+ 38. Kh1 Rxe5 39. Qxg7+ Re7 40. Qg4+ Kc7 41. Qf4+ Qxf4 42. Rxf4 Re3 43. b4 c4 44. h4 b5 45. Rf7+ Kb8 46. Rg1 Re8 47. Rgg7 Bc8 48. h5 Bh3 49. h6 c3 50. Rb7+ Ka8 51. Rbc7 Rc8 52. Rxc8+ Bxc8 53. Rc7 1-0

[Event "Paul Keres mem (22nd)"]
[Site "Vancouver CAN"]
[Date "1997.05.19"]
[Round "7.9"]
[White "Skulsky, Ian"]
[Black "Slambor, Jiri"]
[Result "1-0"]
[WhiteElo "2259"]
[BlackElo "1811"]
[PlyCount "43"]
[GameId "2160767911965962"]
[EventDate "1997.05.16"]
[EventType "swiss"]
[EventRounds "7"]
[EventCountry "CAN"]

1. c4 e6 2. g3 Nf6 3. Bg2 d5 4. Nf3 Be7 5. O-O O-O 6. b3 c6 7. Bb2 Nbd7 8. Qc2 Nb6 9. d4 h6 10. Nbd2 Re8 11. Ne5 Bd6 12. c5 Bxc5 13. dxc5 Nbd7 14. e4 Qc7 15. Nxd7 Nxd7 16. Rfe1 Nf6 17. Bxf6 gxf6 18. exd5 Bd7 19. d6 Qd8 20. Qc3 e5 21. Re4 Bf5 22. Rh4 1-0

[Event "Paul Keres mem (22nd)"]
[Site "Vancouver CAN"]
[Date "1997.05.19"]
[Round "7.10"]
[White "Harris, Philip"]
[Black "Haukenfrers, Dale"]
[Result "0-1"]
[WhiteElo "2006"]
[BlackElo "2141"]
[PlyCount "70"]
[GameId "2160767911965963"]
[EventDate "1997.05.16"]
[EventType "swiss"]
[EventRounds "7"]
[EventCountry "CAN"]

1. d4 Nf6 2. Bg5 Ne4 3. Bf4 c5 4. d5 Qb6 5. Nd2 Qxb2 6. Rb1 Qf6 7. Nxe4 Qxf4 8. Nxc5 e6 9. Nd3 Qf6 10. c4 Qc3+ 11. Qd2 Qxd2+ 12. Kxd2 exd5 13. cxd5 Bd6 14. g3 b6 15. Bg2 Ba6 16. e3 Bxd3 17. Kxd3 Na6 18. Ne2 Nb4+ 19. Kd2 Nxa2 20. Nd4 O-O 21. Nb5 Bc5 22. Ra1 Nb4 23. Nxa7 f5 24. Nb5 Rxa1 25. Rxa1 f4 26. exf4 g5 27. Ke2 gxf4 28. g4 Re8+ 29. Kf1 Nd3 30. Bf3 Nxf2 31. Ra7 Re3 32. Kg2 Rb3 33. Nd6 Nd3 34. Be4 Bxd6 35. Rxd7 f3+ 0-1

[Event "Paul Keres mem (22nd)"]
[Site "Vancouver CAN"]
[Date "1997.05.19"]
[Round "7.12"]
[White "Seid, Hee"]
[Black "Kalef, Justin"]
[Result "1-0"]
[WhiteElo "2198"]
[BlackElo "1866"]
[PlyCount "115"]
[GameId "2160767911965964"]
[EventDate "1997.05.16"]
[EventType "swiss"]
[EventRounds "7"]
[EventCountry "CAN"]

1. d4 Nf6 2. Nf3 g6 3. e3 Bg7 4. Be2 O-O 5. O-O d5 6. c4 c6 7. b4 Nbd7 8. a4 dxc4 9. Bxc4 Qc7 10. Qb3 e5 11. Bxf7+ Rxf7 12. Ng5 Nf8 13. dxe5 Be6 14. Nxe6 Nxe6 15. exf6 Bxf6 16. Ra2 Ng5 17. Bb2 Qe7 18. Bxf6 Qxf6 19. Re2 Nf3+ 20. gxf3 Qxf3 21. Qc4 b5 22. Nd2 bxc4 23. Nxf3 Rxf3 24. Rc1 a5 25. Rxc4 axb4 26. Rxb4 Kg7 27. Rc2 Rf6 28. Rb7+ Kh6 29. Rc4 Ra5 30. Rh4+ Kg5 31. Rbxh7 c5 32. Rc4 Rd6 33. Rb7 Rd1+ 34. Kg2 Ra1 35. Rc7 R1xa4 36. R7xc5+ Rxc5 37. Rxc5+ Kg4 38. Rd5 Ra2 39. h3+ Kh4 40. Rd6 Kg5 41. Kg3 Kh5 42. Rd8 Kh6 43. h4 Ra3 44. Re8 Ra1 45. e4 Rg1+ 46. Kf3 Rh1 47. e5 Kg7 48. Re7+ Kg8 49. Kg4 Rg1+ 50. Kf4 Rh1 51. Kg5 Rg1+ 52. Kf6 Rg4 53. Rg7+ Kf8 54. Rxg6 Rxh4 55. Kg5 Rh2 56. f4 Kf7 57. Ra6 Re2 58. Kf5 1-0

[Event "Paul Keres mem (22nd)"]
[Site "Vancouver CAN"]
[Date "1997.05.19"]
[Round "7.14"]
[White "Berg, Michael"]
[Black "Krzyzowski, Ernest"]
[Result "1-0"]
[WhiteElo "1500"]
[BlackElo "1938"]
[PlyCount "75"]
[GameId "2160767911965965"]
[EventDate "1997.05.16"]
[EventType "swiss"]
[EventRounds "7"]
[EventCountry "CAN"]

1. d4 f5 2. Nf3 Nf6 3. c4 e6 4. g3 d5 5. Bg2 c6 6. cxd5 exd5 7. Bf4 Ne4 8. O-O Qb6 9. Qc2 Na6 10. a3 Be7 11. e3 O-O 12. Nbd2 Be6 13. Nxe4 fxe4 14. Nd2 Rf7 15. f3 exf3 16. Nxf3 Bf5 17. Qd2 Re8 18. Ne5 Rff8 19. g4 Be6 20. g5 g6 21. Rf3 Nb8 22. Bh3 Bf5 23. Bxf5 Rxf5 24. h4 Qd8 25. Ng4 Nd7 26. Nh6+ Kh8 27. Nxf5 gxf5 28. Raf1 c5 29. Qh2 Bf8 30. Be5+ Nxe5 31. dxe5 d4 32. exd4 Qxd4+ 33. Qf2 Qg4+ 34. Kh2 Rxe5 35. Qg3 Re2+ 36. R1f2 Bd6 37. Qxd6 Qxf3 38. Qf8# 1-0

[Event "Paul Keres mem (22nd) U2000"]
[Site "Vancouver CAN"]
[Date "1997.05.17"]
[Round "1"]
[White "Hubbard, Quinn"]
[Black "Barnes, Mark"]
[Result "0-1"]
[WhiteElo "1660"]
[BlackElo "1787"]
[PlyCount "36"]
[GameId "2160767911965844"]
[EventDate "1997.05.17"]
[EventType "swiss"]
[EventRounds "7"]
[EventCountry "CAN"]

1. d4 d5 2. Nf3 Nf6 3. c4 c6 4. cxd5 cxd5 5. Nc3 Nc6 6. Bf4 a6 7. Qc2 e6 8. e3 Be7 9. Be2 Nh5 10. Bg3 Bd7 11. Rc1 Rc8 12. Ne5 Nxg3 13. Nxc6 Rxc6 14. hxg3 h6 15. O-O Qc7 16. e4 O-O 17. e5 Rc8 18. Qb1 Bb4 0-1

[Event "Paul Keres mem (22nd) U2000"]
[Site "Vancouver CAN"]
[Date "1997.05.17"]
[Round "2"]
[White "Lee, Mau Seng"]
[Black "Barnes, Mark"]
[Result "1/2-1/2"]
[WhiteElo "1993"]
[BlackElo "1787"]
[PlyCount "51"]
[GameId "2160767911965845"]
[EventDate "1997.05.17"]
[EventType "swiss"]
[EventRounds "7"]
[EventCountry "CAN"]

1. e4 e6 2. d4 d5 3. Nd2 c5 4. exd5 Qxd5 5. Ngf3 cxd4 6. Bc4 Qd8 7. O-O Nf6 8. Nb3 Nc6 9. Nbxd4 Bd7 10. Qe2 Bc5 11. Nxc6 bxc6 12. Ne5 O-O 13. Bg5 Be7 14. Nxc6 Bxc6 15. Rad1 Qb6 16. c3 h6 17. Bc1 Nd5 18. Kh1 Rad8 19. Rd3 Qc7 20. Rh3 Nf4 21. Bxf4 Qxf4 22. Bd3 Bg5 23. Rd1 Rd5 24. Rf3 Qd6 25. h4 Bf6 26. Bc2 1/2-1/2

[Event "Paul Keres mem (22nd) U2000"]
[Site "Vancouver CAN"]
[Date "1997.05.17"]
[Round "2"]
[White "Planas, Rodolfo"]
[Black "Zamorano, Alex"]
[Result "0-1"]
[WhiteElo "1710"]
[BlackElo "1750"]
[PlyCount "32"]
[GameId "2160767911965846"]
[EventDate "1997.05.17"]
[EventType "swiss"]
[EventRounds "7"]
[EventCountry "CAN"]

1. d4 Nf6 2. Nf3 e6 3. Bf4 d5 4. e3 c5 5. c3 Nc6 6. Nbd2 cxd4 7. cxd4 Bd6 8. Ne5 O-O 9. Bg3 Bb4 10. a3 Bxd2+ 11. Qxd2 Ne4 12. Qd1 Qa5+ 13. b4 Nxb4 14. axb4 Qxb4+ 15. Ke2 Nc3+ 16. Kf3 Nxd1 0-1

[Event "Paul Keres mem (22nd) U2000"]
[Site "Vancouver CAN"]
[Date "1997.05.18"]
[Round "3"]
[White "Barnes, Mark"]
[Black "Harding, Mike"]
[Result "0-1"]
[WhiteElo "1787"]
[BlackElo "1874"]
[PlyCount "56"]
[GameId "2160767911965847"]
[EventDate "1997.05.17"]
[EventType "swiss"]
[EventRounds "7"]
[EventCountry "CAN"]

1. e4 c5 2. c3 d6 3. d4 cxd4 4. cxd4 a6 5. Nf3 Nd7 6. Bd3 g6 7. Be3 Ngf6 8. h3 Bg7 9. O-O O-O 10. Nc3 b5 11. Qd2 Bb7 12. d5 Nc5 13. b4 Nxd3 14. Qxd3 Rc8 15. Rac1 Qd7 16. a3 Rfe8 17. Rfd1 Rxc3 18. Rxc3 Nxe4 19. Rc2 Nf6 20. Bd4 Nxd5 21. Bxg7 Kxg7 22. Rdc1 e5 23. Nd2 Nf4 24. Qe3 Bxg2 25. Rc7 Qf5 26. Ra7 Bxh3 27. Rcc7 Qg4+ 28. Qg3 Ne2+ 0-1

[Event "Paul Keres mem (22nd) U2000"]
[Site "Vancouver CAN"]
[Date "1997.05.18"]
[Round "4"]
[White "Barnes, Mark"]
[Black "Jose, Marionito"]
[Result "0-1"]
[WhiteElo "1787"]
[BlackElo "1981"]
[PlyCount "70"]
[GameId "2160767911965848"]
[EventDate "1997.05.17"]
[EventType "swiss"]
[EventRounds "7"]
[EventCountry "CAN"]

1. e4 c5 2. c3 e6 3. d4 d5 4. exd5 Qxd5 5. Be3 cxd4 6. Qxd4 Qxd4 7. Bxd4 Nc6 8. Bb5 Nge7 9. Nf3 a6 10. Ba4 b5 11. Bc2 Nxd4 12. Nxd4 e5 13. Be4 Ra7 14. Nc6 Nxc6 15. Bxc6+ Ke7 16. Nd2 Rc7 17. Bf3 f5 18. Be2 Kf6 19. O-O h5 20. Rac1 g5 21. c4 b4 22. b3 g4 23. Rfd1 h4 24. Kf1 Bc5 25. f3 gxf3 26. Nxf3 e4 27. Ng1 Rg8 28. Nh3 Rcg7 29. Nf4 Ke5 30. Rd5+ Kxf4 31. Rxc5 Rxg2 32. Ke1 Ke3 33. Bf1 Rxh2 34. Rd1 h3 35. Rd6 Rg1 0-1

[Event "Paul Keres mem (22nd) U2000"]
[Site "Vancouver CAN"]
[Date "1997.05.19"]
[Round "5"]
[White "Barnes, Mark"]
[Black "Matlo, Vince"]
[Result "1-0"]
[WhiteElo "1787"]
[BlackElo "1620"]
[PlyCount "99"]
[GameId "2160767911965849"]
[EventDate "1997.05.17"]
[EventType "swiss"]
[EventRounds "7"]
[EventCountry "CAN"]

1. e4 c5 2. c3 d6 3. d4 cxd4 4. cxd4 Nf6 5. Nc3 e6 6. Nf3 Be7 7. Bb5+ Bd7 8. Qe2 O-O 9. O-O a6 10. Bxd7 Nbxd7 11. h3 b5 12. a3 Nb6 13. Nd2 Rc8 14. Na2 Qd7 15. Nb4 a5 16. Na2 Nc4 17. Nxc4 Rxc4 18. Qd3 Rfc8 19. Nc3 b4 20. axb4 axb4 21. Na4 Qc6 22. b3 Rc2 23. f3 Nd7 24. Bd2 d5 25. e5 Nb6 26. Nxb6 Qxb6 27. Ra4 R2c7 28. Rfa1 Qc6 29. Bxb4 Bxb4 30. Rxb4 g6 31. Rb5 Qc3 32. Qxc3 Rxc3 33. Ra7 Rd3 34. Rb4 Kf8 35. Rab7 Rd2 36. Rb8 Rxb8 37. Rxb8+ Kg7 38. Rb4 h5 39. h4 Rc2 40. Kh2 Rc7 41. g4 hxg4 42. fxg4 Rc3 43. g5 Rd3 44. Kg2 Re3 45. Rb8 Rd3 46. b4 Rxd4 47. b5 Rxh4 48. b6 Rg4+ 49. Kf3 Rxg5 50. b7 1-0

[Event "Paul Keres mem (22nd) U2000"]
[Site "Vancouver CAN"]
[Date "1997.05.19"]
[Round "6"]
[White "Mendoza, Alexy"]
[Black "Cummer, Jeff"]
[Result "0-1"]
[WhiteElo "1956"]
[BlackElo "1806"]
[PlyCount "58"]
[GameId "2160767911965850"]
[EventDate "1997.05.17"]
[EventType "swiss"]
[EventRounds "7"]
[EventCountry "CAN"]

1. e4 Nf6 2. Nc3 d5 3. exd5 Nxd5 4. Nxd5 Qxd5 5. Nf3 Bg4 6. Be2 Nc6 7. O-O O-O-O 8. c3 e5 9. Ne1 Bxe2 10. Qxe2 e4 11. Nc2 f5 12. Ne3 Qe5 13. f4 Qe6 14. b4 Rd3 15. Nd1 Qg6 16. Nf2 Rf3 17. d3 Bxb4 18. cxb4 Nd4 19. Qb2 Rd8 20. Kh1 e3 21. gxf3 e2 22. Be3 exf1=Q+ 23. Rxf1 Nxf3 24. h3 Qg3 25. Ng4 Qxh3+ 26. Nh2 Nxh2 27. Qxh2 Qxf1+ 28. Bg1 Qf3+ 29. Qg2 Qxg2+ 0-1

[Event "Paul Keres mem (22nd) U2000"]
[Site "Vancouver CAN"]
[Date "1997.05.19"]
[Round "6"]
[White "Wong, Samuel"]
[Black "Barnes, Mark"]
[Result "1/2-1/2"]
[WhiteElo "1880"]
[BlackElo "1787"]
[PlyCount "28"]
[GameId "2160767911965851"]
[EventDate "1997.05.17"]
[EventType "swiss"]
[EventRounds "7"]
[EventCountry "CAN"]

1. d4 d5 2. c4 c6 3. Nf3 Nf6 4. Nc3 Bf5 5. e3 e6 6. Be2 dxc4 7. Bxc4 Nbd7 8. O-O Nb6 9. Bb3 Nfd5 10. Bc2 Bxc2 11. Qxc2 Bd6 12. Rd1 Qc7 13. a3 Nxc3 14. Qxc3 Nd5 1/2-1/2

[Event "Paul Keres mem. Active"]
[Site "Toronto CAN"]
[Date "1997.10.26"]
[Round "1"]
[White "Kegel, John"]
[Black "Veltmann, Martin"]
[Result "1-0"]
[WhiteElo "2013"]
[BlackElo "2106"]
[PlyCount "64"]
[GameId "2160767911935907"]
[EventDate "1997.10.26"]
[EventType "swiss (rapid)"]
[EventRounds "6"]
[EventCountry "CAN"]

1. d4 Nf6 2. Nf3 g6 3. Bf4 Bg7 4. Nc3 O-O 5. e4 d6 6. Qd2 c5 7. d5 a6 8. a4 Re8 9. a5 b5 10. axb6 Qxb6 11. Na4 Qd8 12. Bd3 Bg4 13. c4 e6 14. dxe6 Rxe6 15. Ng5 Re8 16. h3 Bc8 17. O-O h6 18. Nf3 g5 19. Bh2 g4 20. hxg4 Bxg4 21. Nc3 Bxf3 22. gxf3 Nc6 23. Ne2 Ne5 24. Qe3 Qb6 25. Kh1 Qb3 26. Bxe5 Rxe5 27. Ng3 Rg5 28. f4 Rxg3 29. Qxg3 Nh5 30. Qf3 Nxf4 31. Rad1 Ne6 32. e5 Rd8 1-0

[Event "Paul Keres mem. Active"]
[Site "Toronto CAN"]
[Date "1997.10.26"]
[Round "2"]
[White "Veltmann, Martin"]
[Black "Zlobec, Srdjan"]
[Result "1-0"]
[WhiteElo "2106"]
[BlackElo "2138"]
[PlyCount "75"]
[GameId "2160767911935908"]
[EventDate "1997.10.26"]
[EventType "swiss (rapid)"]
[EventRounds "6"]
[EventCountry "CAN"]

1. c4 Nf6 2. Nc3 g6 3. d4 Bg7 4. e4 d6 5. Be3 O-O 6. f3 c6 7. Qd2 e5 8. d5 cxd5 9. cxd5 Ne8 10. g4 Na6 11. O-O-O Bd7 12. Kb1 Rc8 13. h4 f5 14. gxf5 gxf5 15. Bh6 Bxh6 16. Qxh6 Rf6 17. Qd2 f4 18. Bh3 Rg6 19. Bxd7 Qxd7 20. Nh3 Ng7 21. Nf2 Nh5 22. Rdg1 Ng3 23. h5 Rg7 24. Rh4 Nc7 25. Ng4 Qd8 26. Rh2 Ne8 27. Rhg2 Nf6 28. Nh6+ Kf8 29. Nf5 Nxf5 30. exf5 Nxh5 31. Rxg7 Nxg7 32. Qh2 h5 33. Ne4 Rc7 34. f6 Nf5 35. Qxh5 Qd7 36. Qh8+ Kf7 37. Qh7+ Kf8 38. Rg8# 1-0

[Event "Paul Keres mem. Active"]
[Site "Toronto CAN"]
[Date "1997.10.26"]
[Round "3"]
[White "Streegan, Michael"]
[Black "Veltmann, Martin"]
[Result "0-1"]
[WhiteElo "2029"]
[BlackElo "2106"]
[PlyCount "58"]
[GameId "2160767911935909"]
[EventDate "1997.10.26"]
[EventType "swiss (rapid)"]
[EventRounds "6"]
[EventCountry "CAN"]

1. e4 c5 2. Nf3 d6 3. c3 Nf6 4. Be2 Nc6 5. d3 e6 6. O-O Be7 7. Nbd2 O-O 8. d4 d5 9. e5 Nd7 10. Bd3 f6 11. Re1 Qb6 12. a3 cxd4 13. cxd4 Nxd4 14. Nxd4 Qxd4 15. Nf3 Qb6 16. exf6 Nxf6 17. Be3 Bc5 18. b4 Bxe3 19. Rxe3 Bd7 20. Ne5 Bb5 21. Bc2 Rac8 22. a4 Be8 23. b5 Qc5 24. Bb3 Ne4 25. Nd3 Qd4 26. Rc1 Nxf2 27. Nxf2 Qxe3 28. Rxc8 Qxf2+ 29. Kh1 Qf1+ 0-1

[Event "Paul Keres mem. Active"]
[Site "Toronto CAN"]
[Date "1997.10.26"]
[Round "4"]
[White "Veltmann, Martin"]
[Black "Kret, Ted"]
[Result "0-1"]
[WhiteElo "2106"]
[BlackElo "2047"]
[PlyCount "71"]
[GameId "2160767911935910"]
[EventDate "1997.10.26"]
[EventType "swiss (rapid)"]
[EventRounds "6"]
[EventCountry "CAN"]

1. c4 Nf6 2. Nc3 g6 3. e4 d6 4. d4 Bg7 5. Be3 O-O 6. f3 e5 7. d5 Nh5 8. Qd2 f5 9. O-O-O a5 10. Bd3 Na6 11. exf5 gxf5 12. Nge2 Nb4 13. Bb1 Qh4 14. f4 Nf6 15. a3 Na6 16. g3 Qh5 17. h3 Qe8 18. fxe5 dxe5 19. Bh6 Nc5 20. Bc2 Qg6 21. Bxg7 Qxg7 22. Rdf1 Kh8 23. Kb1 Ne8 24. g4 f4 25. Ne4 Nxe4 26. Bxe4 Nd6 27. Qc2 Bd7 28. c5 Nxe4 29. Qxe4 Be8 30. Ka1 Bg6 31. Qc4 Rad8 32. Nc3 b6 33. Rc1 f3 34. Ne4 Rf4 35. Rhe1 f2 36. Re2 0-1

[Event "Paul Keres mem. Active"]
[Site "Toronto CAN"]
[Date "1997.10.26"]
[Round "5"]
[White "Mijic, Slobodan"]
[Black "Veltmann, Martin"]
[Result "0-1"]
[WhiteElo "2073"]
[BlackElo "2106"]
[PlyCount "88"]
[GameId "2160767911935911"]
[EventDate "1997.10.26"]
[EventType "swiss (rapid)"]
[EventRounds "6"]
[EventCountry "CAN"]

1. e4 c5 2. Nf3 d6 3. d4 cxd4 4. Nxd4 Nf6 5. Nc3 a6 6. Be2 e6 7. O-O Be7 8. Kh1 O-O 9. f4 Nc6 10. Bf3 Bd7 11. Be3 Nxd4 12. Bxd4 Bc6 13. Bg1 Qc7 14. Rf2 b5 15. a3 Qb7 16. Qe2 b4 17. axb4 Qxb4 18. Rxa6 Rxa6 19. Qxa6 Bxe4 20. Nxe4 Nxe4 21. Re2 Nc5 22. Qa7 Bf6 23. c3 Qxf4 24. b4 Nd3 25. Qa6 Ne5 26. Qxd6 Rd8 27. Qc7 Qg5 28. h3 Nxf3 29. gxf3 Qd5 30. Re4 Qd1 31. Kg2 Rd2+ 32. Bf2 g6 33. b5 Qc2 34. Qc5 Rd5 35. Qb6 h5 36. h4 Kg7 37. c4 Rd2 38. Qe3 Rd3 39. Qe2 Qb1 40. Kg3 Ra3 41. b6 Ra2 42. Qe1 Qb2 43. c5 Qb5 44. Qg1 Ra4 0-1

[Event "Paul Keres mem. Active"]
[Site "Toronto CAN"]
[Date "1997.10.26"]
[Round "6"]
[White "Veltmann, Martin"]
[Black "Chu, Stefanie"]
[Result "1-0"]
[WhiteElo "2106"]
[BlackElo "1851"]
[PlyCount "107"]
[GameId "2160767911935912"]
[EventDate "1997.10.26"]
[EventType "swiss (rapid)"]
[EventRounds "6"]
[EventCountry "CAN"]

1. c4 e6 2. Nc3 d5 3. d4 Nf6 4. Nf3 Be7 5. Bf4 O-O 6. e3 b6 7. Qc2 Bb7 8. cxd5 exd5 9. Bd3 Na6 10. a3 c5 11. O-O Re8 12. dxc5 bxc5 13. Bb5 Rf8 14. Rfd1 Qb6 15. Ne5 Rfd8 16. Be2 Rac8 17. Bf3 Nc7 18. Rac1 Ne6 19. Bg3 d4 20. Nc4 Qa6 21. Ne4 Nxe4 22. Bxe4 Bxe4 23. Qxe4 Qc6 24. Qg4 dxe3 25. Nxe3 Bf6 26. Nf5 Nd4 27. h3 Nxf5 28. Rxd8+ Rxd8 29. Qxf5 Rd5 30. Qc2 h6 31. b4 Bd4 32. Kh2 Rg5 33. Qd3 Qd5 34. b5 h5 35. h4 Rg4 36. Qe2 Re4 37. Qf3 Be5 38. Rd1 Bxg3+ 39. fxg3 Qe5 40. Kh1 Re1+ 41. Kh2 Re4 42. Kh1 Re1+ 43. Rxe1 Qxe1+ 44. Kh2 Qa5 45. Qa8+ Kh7 46. Qe4+ Kg8 47. Qe8+ Kh7 48. Qe4+ Kg8 49. a4 a6 50. Qa8+ Kh7 51. Qxa6 Qc3 52. b6 c4 53. b7 Qb4 54. Qb5 1-0

[Event "Peel XXXII"]
[Site "Brampton CAN"]
[Date "1997.02.02"]
[Round "4"]
[White "McNally, William"]
[Black "Laimer, Alice"]
[Result "0-1"]
[WhiteElo "1870"]
[BlackElo "1540"]
[PlyCount "66"]
[GameId "2160767911966535"]
[EventDate "1997.02.01"]
[EventType "tourn"]
[EventRounds "4"]
[EventCountry "CAN"]
[SourceTitle "CFC 1997.04"]
[SourceDate "2011.01.01"]
[SourceVersion "1"]
[SourceVersionDate "2011.01.01"]
[SourceQuality "1"]

1. b3 e5 2. Nf3 Nc6 3. Bb2 d6 4. Nc3 Nf6 5. e3 g6 6. Bc4 Bg7 7. Ng5 d5 8. Be2 O-O 9. e4 d4 10. Nb5 a6 11. Na3 h6 12. Nf3 Nxe4 13. Bd3 Nd6 14. Nc4 Be6 15. Nxd6 cxd6 16. Be2 e4 17. Ng1 Qg5 18. Bf1 f5 19. h4 Qd8 20. Ne2 f4 21. g3 fxg3 22. fxg3 Bg4 23. d3 e3 24. Bg2 Rf2 25. Bf1 Ne5 26. Qc1 Qa5+ 27. Kd1 Nxd3 28. cxd3 Rc8 29. Qxc8+ Bxc8 30. Kc1 Qd2+ 31. Kb1 Qxd3+ 32. Kc1 Qd2+ 33. Kb1 Bf5# 0-1

[Event "Peel XXXIII"]
[Site "Brampton CAN"]
[Date "1997.07.06"]
[Round "5"]
[White "Runstedler, Rick"]
[Black "Brown, John R"]
[Result "0-1"]
[WhiteElo "1865"]
[BlackElo "1812"]
[PlyCount "100"]
[GameId "2160767911965577"]
[EventDate "1997.07.05"]
[EventType "match"]
[EventRounds "6"]
[EventCountry "CAN"]
[SourceTitle "CFC 1997.10"]

1. e4 d6 2. Bc4 Nf6 3. d3 g6 4. c3 Bg7 5. Nf3 O-O 6. O-O Bg4 7. Nbd2 Nc6 8. h3 Bd7 9. b4 Qc8 10. Kh2 Nh5 11. d4 Nf4 12. Ng1 e5 13. Ndf3 Kh8 14. b5 Nd8 15. dxe5 dxe5 16. Ba3 Re8 17. Ng5 Nfe6 18. Nxe6 Bxe6 19. Bxe6 Rxe6 20. Nf3 a6 21. Ng5 Re8 22. bxa6 Rxa6 23. Qb3 h6 24. Nf3 f5 25. Nd2 Ree6 26. f3 c5 27. Bc1 c4 28. Qc2 f4 29. Rd1 Red6 30. Nf1 Qe6 31. a4 g5 32. Ba3 Rxd1 33. Rxd1 Nf7 34. Rd5 h5 35. a5 b6 36. Bb4 g4 37. Qe2 bxa5 38. Bxa5 g3+ 39. Nxg3 fxg3+ 40. Kxg3 Qg6+ 41. Kf2 h4 42. Qxc4 Qg3+ 43. Kf1 Rg6 44. Rd2 Bh6 45. Ra2 Rd6 46. Qe2 Qf4 47. Bc7 Qc1+ 48. Kf2 Bf4 49. g4 Ng5 50. Kg2 Nxh3 0-1

[Event "Pere Noel"]
[Site "Montreal CAN"]
[Date "1997.12.26"]
[Round "1"]
[White "Boulay, David"]
[Black "Rousseau, Daniel"]
[Result "0-1"]
[WhiteElo "1849"]
[BlackElo "2036"]
[PlyCount "60"]
[GameId "2160767911874276"]
[EventDate "1997.12.26"]
[EventType "swiss"]
[EventRounds "5"]
[EventCountry "CAN"]
[SourceTitle "hb 2011"]

1. e4 e5 2. Nf3 Nc6 3. Bb5 a6 4. Ba4 Nf6 5. Qe2 b5 6. Bb3 Bc5 7. c3 d6 8. d3 O-O 9. Bg5 h6 10. Bh4 Qe7 11. Nbd2 Nd8 12. O-O Ne6 13. Bxe6 Qxe6 14. d4 Bb6 15. a4 Bd7 16. d5 Qg4 17. axb5 Nh5 18. Bg3 axb5 19. Kh1 Rae8 20. Ng1 Qg6 21. Qe1 f5 22. f3 Nxg3+ 23. Qxg3 Qxg3 24. hxg3 Ra8 25. exf5 Bxf5 26. Rxa8 Rxa8 27. Ne4 Ra2 28. Rb1 c6 29. Rd1 Bxe4 30. fxe4 cxd5 0-1